Pakistan: the formative phase (Record no. 421953)

000 -LEADER
fixed length control field 00440cam a22001457a 4500
008 - FIXED-LENGTH DATA ELEMENTS--GENERAL INFORMATION
fixed length control field 180718b1960 xxu||||| |||| 00| 0 eng d
082 ## - DEWEY DECIMAL CLASSIFICATION NUMBER
Classification number B5x547 Sa99
100 ## - MAIN ENTRY--PERSONAL NAME
Personal name Sayad, Khalid Bin
245 ## - TITLE STATEMENT
Title Pakistan: the formative phase
Statement of responsibility, etc. by Khalid Bin Sayad
260 ## - PUBLICATION, DISTRIBUTION, ETC.
Place of publication, distribution, etc. Karachi
Name of publisher, distributor, etc. Pakistan Publishing House
Date of publication, distribution, etc. 1960
300 ## - PHYSICAL DESCRIPTION
Extent xii, 492p
650 ## - SUBJECT ADDED ENTRY--TOPICAL TERM
Topical term or geographic name entry element Pakistan --Politics and government.
650 ## - SUBJECT ADDED ENTRY--TOPICAL TERM
Topical term or geographic name entry element Pakistan --History
650 ## - SUBJECT ADDED ENTRY--TOPICAL TERM
Topical term or geographic name entry element Muslims --India
Holdings
Withdrawn status Lost status Damaged status Not for loan Permanent Location Current Location Date acquired Full call number Barcode Date last seen Price effective from Koha item type
        Indian Institute of Public Administration Indian Institute of Public Administration 2009-08-10 B5x547 Sa99 26198 2018-07-21 2018-07-21 Book

Powered by Koha